Statistics for 100 největších Čechů

Click here to take the quiz!

General Stats

  • This quiz has been taken 130 times
  • The average score is 55 of 100

Answer Stats

PořadíNápovědaOdpověď% Correct
1.císař Svaté říše římské, český králKarel IV.
100%
8.hudební skladatelAntonín Dvořák
86%
7.kněz, pedagog, náboženský reformátorJan Hus
86%
2.československý prezident, politik, filozof, sociologTomáš Garrigue Masaryk
86%
11.hudební skladatelBedřich Smetana
79%
10.spisovatelkaBožena Němcová
79%
12.atlet, olympijský vítězEmil Zátopek
79%
50.československý diplomat a politikJan Masaryk
79%
45.student, upálil se na protest proti okupaci ČSR (1968)Jan Palach
79%
27.hokejistaJaromír Jágr
79%
13.zpěvákKarel Gott
79%
17.český kníže, světecSvatý Václav
79%
3.český a československý prezident, spisovatel, politikVáclav Havel
79%
68.český králVáclav II.
79%
18.český prezident, politik, ekonomVáclav Klaus
79%
22.československý prezident, politik, diplomat, sociologEdvard Beneš
71%
4.pedagog, filozof, spisovatelJan Amos Komenský
71%
74.český králJan Lucemburský
71%
5.vojevůdceJan Žižka
71%
24.básník, spisovatel, nositel Nobelovy cenyJaroslav Seifert
71%
14.český král, politikJiří z Poděbrad
71%
9.spisovatel, novinář, dramatikKarel Čapek
71%
28.česká královnaMarie Terezie
71%
30.režisér, držitel dvou OskarůMiloš Forman
71%
100.ekonom, prezident České republikyMiloš Zeman
71%
41.fotbalistaPavel Nedvěd
71%
32.atlet, olympijský vítězRoman Šebrle
71%
99.vládce Slovanů, franský kupecSámo
71%
86.kosmonautVladimír Remek
71%
73.hokejový brankářDominik Hašek
64%
26.operní pěvkyněEma Destinnová
64%
90.cestovatel, lékař, etnografEmil Holub
64%
44.atlet, olympijský vítězJan Železný
64%
78.spisovatel, skautJaroslav Foglar
64%
38.spisovatel, publicista, novinářJaroslav Hašek
64%
92.komunistický politik, státník, prezident ČeskoslovenskaKlement Gottwald
64%
72.politik, prezident ČeskoslovenskaLudvík Svoboda
64%
88.spisovatelka, autorka kuchařských knihMagdalena Dobromila Rettigová
64%
81.tenistkaMartina Navrátilová
64%
20.řeholnice, světiceSvatá Anežka
64%
62.první česká svatáSvatá Ludmila
64%
46.sportovní gymnastkaVěra Čáslavská
64%
25.dramatik, herec, spisovatelZdeněk Svěrák
64%
43.technik, průmyslník, vynálezceFrantišek Křižík
57%
15.historik, politik, spisovatelFrantišek Palacký
57%
54.přírodovědec, zakladatel genetikyGregor Mendel
57%
33.hokejista, hokejový trenérIvan Hlinka
57%
42.neurolog, objevitel krevních skupinJan Janský
57%
6.herec, dramatik, spisovatelJan Werich
57%
49.folkový písničkář, textař, libretistaJaromír Nohavica
57%
19.chemik, nositel Nobelovy cenyJaroslav Heyrovský
57%
96.herečkaJiřina Bohdalová
57%
94.herec, spisovatel, dramatikJiří Voskovec
57%
34.novinář, spisovatel, básníkKarel Havlíček Borovský
57%
47.hudební skladatelLeoš Janáček
57%
36.právnička, političkaMilada Horáková
57%
80.první dáma, manželka Václava HavlaOlga Havlová
57%
23.vědec, vynálezceOtto Wichterle
57%
71.český knížePřemysl Otakar I.
57%
16.český král, vojevůdcePřemysl Otakar II.
57%
21.podnikatel, politikTomáš Baťa
57%
58.fotbalistaJosef Bican
50%
53.filolog, lexikograf, spisovatelJosef Jungmann
50%
66.malíř, ilustrátor, spisovatelJosef Lada
50%
76.historik, právník, spisovatel, básníkKarel Jaromír Erben
50%
29.písničkář, básníkKarel Kryl
50%
69.ministryně zahraničních věcí USA českého původuMadeleine Albrightová
50%
39.malíř, grafikAlfons Mucha
43%
51.prozaik, spisovatelBohumil Hrabal
43%
84.poslední PřemyslovecEliška Přemyslovna
43%
52.básník, prozaik, novinář, dramatikJan Neruda
43%
65.kněz, historikJosef Dobrovský
43%
61.básník, prozaikKarel Hynek Mácha
43%
79.herec, scénárista, režisér, cimrmanologLadislav Smoljak
43%
60.zpěvačkaLucie Bílá
43%
95.zpěvačkaMarta Kubišová
43%
75.fotbalistaMilan Baroš
43%
85.spisovatelMilan Kundera
43%
64.římský císařRudolf II.
43%
31.divadelní herec, režisérVlasta Burian
43%
37.herec, moderátor, bavičVladimír Menšík
36%
70.zpěvačkaAneta Langerová
29%
87.knížeBoleslav I.
29%
91.československý pilot za druhé světové válkyFrantišek Fajtl
29%
55.spisovatelFranz Kafka
29%
40.fyziolog, anatomJan Evangelista Purkyně
29%
59.dramatik, režisér, herecJosef Kajetán Tyl
29%
89.malíř, kreslíř, dekoratér, ilustrátorMikoláš Aleš
29%
97.komik, humorista, satirik, spisovatelMiloslav Šimek
29%
67.herec, divadelní režisérRudolf Hrušínský
29%
98.neurolog, spisovatelSigmund Freud
29%
63.herec, mim, scénáristaBoleslav Polívka
21%
35.zpěvák, aktivistaDaniel Landa
21%
82.herečka, komičkaHelena Růžičková
21%
57.druhý pražský biskupSvatý Vojtěch
21%
48.prozaik, dramatikAlois Jirásek
14%
56.katolický duchovní, teologFrantišek Tomášek
14%
93.dětský psychologZdeněk Matějček
14%
77.šlechtična, zakladatelka klášterů a špitálůZdislava z Lemberka
14%
83.spisovatel, publicista, politikPavel Tigrid
7%

Score Distribution

Percentile by Number Answered

Percent of People with Each Score

Your Score History

You have not taken this quiz